000 00666nam a2200217Ia 4500
003 GCL
008 140319s9999 xx 000 0 ara d
040 _aGCL /
_cGCL
082 0 4 _a953.66
_bع ح
100 1 _aعبدالفتاح مقلد الغنيمى
245 1 0 _aحركة المد الاسلامى فى غرب افريقيا /
_cعبدالفتاح مقلد الغنيمى
300 _a343 ص
490 _a
650 0 4 _aالاسلام والحضارة
650 0 4 _aالاسلام
650 0 4 _aافريقيا
650 0 4 _aافريقيا - تاريخ
650 0 4 _aالنظام السياسى
650 0 4 _aغرب افريقيا
942 _2ddc
_cBK
999 _c39223
_d39223